000 00788nac a22002417a 4500
001 BR8700313
003 BR-BrBNA
005 20240105120441.0
008 230509b bl.|||m| |||| 00| 0 por d
040 _aBR-BrBNA
_bpor
_cBiblioteca Nacional de Agricultura
072 _aE10; E70
090 _aE10 BR8700313
110 1 _aCentral Regional de Informacoes Agropecuarias e Economicas, Ijui, RS (Brasil)
_91403
245 1 _aBoletim CRIAEC [Central Regional de Informacoes Agropecuarias e Economicas]
260 3 _aIjui, RS (Brasil):
_c1985.
300 _a43 p.
490 _aBoletim CRIAEC (Brazil)
_vv. 4(38)
_x
650 _aCREDITO RURAL
650 _aANALISE ECONOMICA
650 _aCOMERCIALIZACAO
909 _a202312
_bLúcia Elande
_c55
_dLúcia Elande
942 _2AGRIS
_n0
_cMS
999 _c279499
_d279499